De la psicosis paranoica en sus relaciones con la personalidad seguido de primeros escritos sobre la paranoia (Registro nro. 4306)

Detalles MARC
000 -ENCABEZADO
Número de control [NR] 00972nam a2200241Ia 4500
005 - FECHA Y HORA DE LA ÚLTIMA TRANSACCIÓN
control field 20211014101322.0
008 - DE LONGITUD FIJA DE DATOS DE ELEMENTOS - INFORMACIÓN GENERAL
Elementos de longitud fija [NR] 130821s2005 mx fr spa
020 ## - NUMERO INTERNACIONAL NORMALIZADO PARA LIBROS [R]
Número Internacional Normalizado del libro [NR] 9789870410317 (9a. Ed.)
040 ## - FUENTE DE CATALOGACION [NR]
Agencia de catalogación original [NR] CO-BoUCM
Idioma de catalogación [NR] spa
Quien Cataloga Jose A. Gerena (modificó)
Quien Clasifica [Nuevo]
041 ## - CODIGO DE IDIOMA [R]
Código de idioma para texto/pista de sonido o título separado [R] Español
100 1# - ASIENTO PRINCIPAL--NOMBRE PERSONAL [NR]
Nombre personal [NR] Lacan, Jacques
ID Autoridad 2069
245 16 - MENCION DE TITULO [NR]
Título [NR] De la psicosis paranoica en sus relaciones con la personalidad seguido de primeros escritos sobre la paranoia
Mención de responsabilidad, etc. [NR] Jacques Lacan ; traducción de Antonio Alatorre
250 ## - MENCION DE EDICION [NR]
Mención de edición [NR] 9a Ed
260 ## - PUBLICACION, DISTRIBUCION, ETC. (PIE DE IMPRENTA) [R]
Lugar de publicación, distribución, etc. [R] México D.F. (México)
Nombre del editor, distribuidor, etc. [R] Siglo veintiuno
Fecha de publicación, distribución, etc. [R] 2005
300 ## - DESCRIPCION FISICA [R]
Extensión [R] 353 páginas
490 ## - MENCION DE SERIE [R]
Mención de serie [R] Psicología y etología
650 07 - ASIENTO SECUNDARIO DE MATERIA - TERMINO TEMATICO [R]
Término temático o nombre geográfico como elemento de entrada [NR] Personalidad
9 (RLIN) 21413
650 07 - ASIENTO SECUNDARIO DE MATERIA - TERMINO TEMATICO [R]
Término temático o nombre geográfico como elemento de entrada [NR] Psicología
9 (RLIN) 8001
700 1# - ASIENTO SECUNDARIO - NOMBRE PERSONAL [R]
Nombre personal [NR] Alatorre, Antonio
Término de relación [R] traductor
9 (RLIN) 84514
765 ## - ASIENTO DE IDIOMA ORIGINAL [R]
Título [NR] de la psychose paranoïaque dans ses rapports avec la personalité suivi de premiers éscrits sur la paranoïa
942 ## - ELEMENTOS DE ENTRADA AGREGADOS (KOHA)
Tipo de ítem principal el descrito en 300a Libro
Tema principal Psicología
Edición 9
Parte restante de la signatura top. L129d
Sistema de clasificación DEWEY
Clasificación 150
Título oculto en OPAC No
Existencias
Fecha de último préstamo Total préstamos Signatura topográfica Código de barras Última vez visto Ejemplar Price effective from Tipo de ítem Nota pública (OPAC) Perdido Sistema de clasificación Dañado No prestable Tipo de ítem específico Suprimido Ubicación habitual Ubicación actual Localización Fecha de creación Forma de adquisición Costo Volúmen / Fascículo Costo de reposición Proveedor
29/10/2008 6 WM 205 L129d 200004821 06/07/2012 Ej.1 03/02/2013 Libro     DEWEY     Libro   Bodega Bodega Préstamo 4 días después de solicitado 28/02/2003 Donación 5000.00      
07/10/2025 16 150 L129d 100017337 11/12/2025 Ej.1 03/02/2013 Libro Spot Psicología & Psiquiatría   DEWEY     Libro   Quinta de Mutis Quinta de Mutis 3er piso 28/02/2003 Compra 525.00      
25/09/2018 4 WM 205 L129d 200025521 12/12/2025 Ej.1 12/11/2013 Libro Spot Psicología & Psiquiatría   NLM     Libro   Quinta de Mutis Quinta de Mutis 3er piso 12/11/2013 Compra 38250.00 9a.Ed. 38250.00 35